Pakistan (Record no. 10361)

MARC details
000 -LEADER
fixed length control field 00661nam a2200253 a 4500
020 ## - INTERNATIONAL STANDARD BOOK NUMBER
ISBN 8171698
082 00 - DEWEY DECIMAL CLASSIFICATION NUMBER
Classification number 954.9
Author Cutter ANS
100 ## - MAIN ENTRY--AUTHOR NAME
Author name Ansari, Shaukatullah
245 ## - TITLE STATEMENT
Title Pakistan
Sub title the Problem of India
260 ## - PUBLICATION, DISTRIBUTION, ETC. (IMPRINT)
Place of publication Delhi
Name of publisher Commenwealth Pub
Year of publication 1997
300 ## - PHYSICAL DESCRIPTION
Number of Pages 120p
500 ## - GENERAL NOTE
General note includes index and biblioraphy
505 2# - FORMATTED CONTENTS NOTE
Formatted contents note Appendix, Bibliography, Index
650 ## - SUBJECT ADDED ENTRY--TOPICAL TERM
Topical Term Pakistan-History
650 ## - SUBJECT ADDED ENTRY--TOPICAL TERM
Topical Term Partition of India
942 ## - ADDED ENTRY ELEMENTS (KOHA)
Koha item type Books
700 1# -
-- Ansari, Shaukatullah
Holdings
Collection code Home library Current library Date acquired Cost, normal purchase price Full call number Accession Number Koha item type
  Henry Martyn Institute Library Henry Martyn Institute Library 04/11/2007 225.00 954.9 ANS 018052 Books
                   Copyright © 2026 | Henry Martyn Institute | Hyderabad | TS-500052 | INDIA | Implemented by hmi.edu.in
Hit-Count:

Powered by Koha